| 000 | 00508nam a22001817a 4500 | ||
|---|---|---|---|
| 003 | OSt | ||
| 005 | 20251201124706.0 | ||
| 008 | 251201b |||||||| |||| 00| 0 eng d | ||
| 020 | _a978-621-4141-74-6 | ||
| 040 |
_aDWCL - Main _cOC |
||
| 082 | _aF V732d 2019 | ||
| 100 | _aVillegas, Einah | ||
| 245 |
_aDecadence / _cEinah Villegas |
||
| 260 |
_aQuezon City, Philippines: _bPsicom Publishing, Inc., _cc2019. |
||
| 300 |
_a319 pages; _c20cm. |
||
| 650 | _a1. Fiction -- Love Stories | ||
| 942 |
_2ddc _cFIC. _n0 |
||
| 999 |
_c6652 _d6652 |
||